| 000 | 00614nam a2200241 a 4500 | ||
|---|---|---|---|
| 001 | 0001-1280 | ||
| 003 | ELIB.Books | ||
| 008 | 150630 2010 eng | ||
| 020 | _aKBTS | ||
| 035 | _a(ELIB.Books)0001-1435 | ||
| 092 |
_a230 _bMil |
||
| 100 | _aMiller, Darrow L. | ||
| 245 | _aThe World View of the Kingdom of God | ||
| 260 |
_aScottsdale _bFoot For the Hungry International _c2000 |
||
| 300 |
_a79 _c20.5 Cm |
||
| 500 | _aLibrary | ||
| 650 | _aTheology | ||
| 856 |
_nKBTS: Library _uKBTS: Elib |
||
| 942 |
_2ddc _cBK |
||
| 990 | _a1 | ||
| 998 |
_cbat _e2015-06-30 |
||
| 999 |
_c11280 _d11280 |
||